| 000 | 00657nam a22001937a 4500 | ||
|---|---|---|---|
| 999 |
_c102938 _d102938 |
||
| 005 | 20230502124947.0 | ||
| 010 | _aENG-115882 | ||
| 020 |
_a9789385676062 _c345.00 |
||
| 035 | _aEN-99414 | ||
| 037 | _bDBAD/PUB | ||
| 082 | _a000 | ||
| 245 |
_aS.Chand's IBPS regional rural banking : _boffice assistant (Multipurpose) & office Scale / _cCreated and compiled by KJS Khurana [and] Rajeev Markanday |
||
| 260 |
_aNew Delhi _bS.Chand & Company _c2016 |
||
| 270 |
_a7361,Ram Nagar _bNew Delhi _e110055 |
||
| 300 |
_aVarious Pagings. : _c24cm(pbk) _bill |
||
| 700 | _aKhurana,KJS | ||
| 700 | _a Markanday,Rajeev | ||
| 942 |
_2ddc _cEN _h000 _mCHA |
||